| 000 | 00574nam a2200217Ia 4500 | ||
|---|---|---|---|
| 003 | GCL | ||
| 008 | 140319s9999 xx 000 0 eng d | ||
| 040 |
_aGCL / _cGCL |
||
| 082 | 0 | 4 |
_a612.015 _bA B |
| 100 | 1 | _aAPPS, D.K | |
| 245 | 1 | 0 |
_aBIOCHEMISTRY : A CONCICE TEXT FOR MEDICAL STUDENTS / _cAPPS, D.K |
| 700 | 1 | _aCOHEN, B.B. | |
| 700 | 1 | _aSTEEL, C.M. | |
| 260 |
_a[S.N] : _bELBS BAILLIERE TINDALL ، _c1992 |
||
| 300 | _a448 P | ||
| 650 | 0 | 4 | _aCHEMISTRY |
| 650 | 0 | 4 | _aBIOCHEMISTRY |
| 650 | 0 | 4 | _aCLINICAL BIOCHEMISTRY |
| 650 | 0 | 4 | _aMEDICAL SCIENCE |
| 942 |
_2ddc _cBK |
||
| 999 |
_c20358 _d20358 |
||